000 00878nam a2200289 a 4500
003 AR-BaBNM
005 20251128203844.0
008 082120s2002 ||||||||||||||000 | spa||
040 _cAR-BaBNM
100 1 _aCastro, Manuel
245 0 0 _aBuenos Aires de antes
260 _aBuenos Aires
_b[s.n.]
_c1949
300 _a151 p.
_bil.
500 _aLa presente edición se realizó en homenaje a Manuel Castro. La lista de los participantes se encuentra al final de la obra.
650 4 _aLITERATURA ARGENTINA
650 4 _aHISTORIA ARGENTINA
650 4 _aHISTORIA DE BUENOS AIRES
650 4 _aBARRIOS
650 4 _aPERIODISMO
650 4 _aCOSTUMBRES Y TRADICIONES
651 4 _aBuenos Aires [Capital Federal]
655 _aLITERATURA
700 1 _aLanuza, José Luis
_eprologuista
700 1 _aValencia, Raúl
_eilustrador
942 _cBK
998 _cJacobzon
999 _c5202
_d5202